| 000 | 00684nam a2200217 u 4500 | ||
|---|---|---|---|
| 005 | 20230908063558.0 | ||
| 008 | 100212s2007 es r 000 0 spa d | ||
| 020 | _a9788480638968 | ||
| 035 | _aUPN01000174691 | ||
| 049 | _aCG | ||
| 050 | 4 |
_aLC1099.5 A4.4 _bM8.4 |
|
| 245 | 0 | 0 |
_aMulticulturalismo y educación para la equidad / _ccoord. Enric Prats. |
| 260 |
_aBarcelona, Esp. : _bOctaedro, _c2007. |
||
| 300 |
_a166 p. : _bil. |
||
| 440 | 0 | _aEducación en valores | |
| 650 | 4 |
_aEducación multicultural _zAmérica Latina _915166 |
|
| 650 | 4 |
_aPluralismo cultural _zAmérica Latina _915165 |
|
| 700 | 1 |
_aPrats, Enric, _ecoord. |
|
| 905 | _aLibro | ||
| 999 |
_c146795 _d146795 |
||